[Event "DVM U20 2021"]
[Site "Kiel GER"]
[Date "2022.07.24"]
[Round "4"]
[White "Wang, Xinyuan"]
[Black "Skabs, Denis"]
[Result "1/2-1/2"]
[Termination "normal"]
[Board "2.5"]
[WhiteElo "1875"]
[BlackElo "1949"]
[WhiteClock "00:26:44"]
[BlackClock "00:03:45"]
[WhiteTeam "Karlsruher SF 1853"]
[BlackTeam "Schachfreunde Brackel 1930 e. V."]
[PlyCount "115"]
[WhiteFideId "16221494"]
[BlackFideId "16248449"]
[EventCountry "GER"]
[EventRounds "7"]
[EventType "team-swiss"]
[EventDate "2022.07.22"]

1. d4 {[%clk 01:30:58]} {[%emt 00:00:01]} d5 {[%clk 01:30:53]} {[%emt
00:00:07]} 2. c4 {[%clk 01:31:24]} {[%emt 00:00:06]} e6 {[%clk 01:31:19]}
{[%emt 00:00:03]} 3. Nc3 {[%clk 01:31:51]} {[%emt 00:00:04]} c5 {[%clk
01:31:43]} {[%emt 00:00:07]} 4. e3 {[%clk 01:32:16]} {[%emt 00:00:03]} Nf6
{[%clk 01:30:38]} {[%emt 00:01:36]} 5. Nf3 {[%clk 01:32:01]} {[%emt 00:00:45]}
a6 {[%clk 01:30:23]} {[%emt 00:00:45]} 6. cxd5 {[%clk 01:31:50]} {[%emt
00:00:41]} exd5 {[%clk 01:30:40]} {[%emt 00:00:13]} 7. Bd3 {[%clk 01:32:05]}
{[%emt 00:00:16]} Bd6 {[%clk 01:30:21]} {[%emt 00:00:49]} 8. h3 {[%clk
01:32:00]} {[%emt 00:00:34]} Nc6 {[%clk 01:30:25]} {[%emt 00:00:26]} 9. a3
{[%clk 01:32:05]} {[%emt 00:00:26]} O-O {[%clk 01:26:52]} {[%emt 00:04:03]} 10.
O-O {[%clk 01:31:43]} {[%emt 00:00:52]} c4 {[%clk 01:15:07]} {[%emt 00:12:14]}
11. Bc2 {[%clk 01:30:23]} {[%emt 00:01:50]} Bc7 {[%clk 01:06:03]} {[%emt
00:09:33]} 12. Re1 {[%clk 01:27:40]} {[%emt 00:03:13]} Qd6 {[%clk 01:01:21]}
{[%emt 00:05:13]} 13. e4 {[%clk 01:24:46]} {[%emt 00:03:23]} dxe4 {[%clk
01:01:29]} {[%emt 00:00:22]} 14. Nxe4 {[%clk 01:24:28]} {[%emt 00:00:48]} Nxe4
{[%clk 01:01:39]} {[%emt 00:00:21]} 15. Bxe4 {[%clk 01:24:41]} {[%emt
00:00:17]} f5 {[%clk 01:01:15]} {[%emt 00:00:54]} 16. Bxc6 {[%clk 01:22:28]}
{[%emt 00:02:44]} Qxc6 {[%clk 00:54:35]} {[%emt 00:07:10]} 17. d5 {[%clk
01:17:00]} {[%emt 00:05:58]} Qd6 {[%clk 00:47:50]} {[%emt 00:07:13]} 18. Bg5
{[%clk 01:16:26]} {[%emt 00:01:04]} Bd8 {[%clk 00:47:46]} {[%emt 00:00:34]} 19.
Qd4 {[%clk 01:07:36]} {[%emt 00:09:21]} Bxg5 {[%clk 00:36:57]} {[%emt
00:11:19]} 20. Nxg5 {[%clk 01:07:57]} {[%emt 00:00:09]} b5 {[%clk 00:34:19]}
{[%emt 00:03:09]} 21. Rad1 {[%clk 00:53:24]} {[%emt 00:15:03]} Bd7 {[%clk
00:31:59]} {[%emt 00:02:49]} 22. Qh4 {[%clk 00:50:06]} {[%emt 00:03:48]} h6
{[%clk 00:29:38]} {[%emt 00:02:51]} 23. Ne6 {[%clk 00:49:40]} {[%emt 00:00:56]}
Rf6 {[%clk 00:28:45]} {[%emt 00:01:23]} 24. Kh1 {[%clk 00:41:30]} {[%emt
00:08:40]} Re8 {[%clk 00:26:00]} {[%emt 00:03:15]} 25. Qh5 {[%clk 00:20:23]}
{[%emt 00:21:37]} Re7 {[%clk 00:22:40]} {[%emt 00:03:50]} 26. Qf3 {[%clk
00:16:22]} {[%emt 00:04:31]} Bxe6 {[%clk 00:19:32]} {[%emt 00:03:38]} 27. dxe6
{[%clk 00:16:38]} {[%emt 00:00:14]} Rexe6 {[%clk 00:19:45]} {[%emt 00:00:16]}
28. Rxd6 {[%clk 00:14:08]} {[%emt 00:03:00]} Rxe1+ {[%clk 00:19:55]} 29. Kh2
{[%clk 00:14:33]} {[%emt 00:00:25]} Rxd6 {[%clk 00:20:19]} {[%emt 00:00:07]}
30. Qxf5 {[%clk 00:14:49]} {[%emt 00:00:14]} Ree6 {[%clk 00:19:30]} {[%emt
00:01:19]} 31. a4 {[%clk 00:14:14]} {[%emt 00:01:06]} Rb6 {[%clk 00:17:49]}
{[%emt 00:02:11]} 32. axb5 {[%clk 00:13:13]} {[%emt 00:01:31]} axb5 {[%clk
00:18:10]} {[%emt 00:00:09]} 33. Qd5 {[%clk 00:12:55]} {[%emt 00:00:48]} Kh8
{[%clk 00:16:28]} {[%emt 00:02:12]} 34. h4 {[%clk 00:11:37]} {[%emt 00:01:48]}
Rec6 {[%clk 00:02:42]} {[%emt 00:14:16]} 35. Qd8+ {[%clk 00:06:49]} {[%emt
00:05:18]} Kh7 {[%clk 00:03:07]} {[%emt 00:00:05]} 36. Qe8 {[%clk 00:06:22]}
{[%emt 00:00:57]} Re6 {[%clk 00:01:56]} {[%emt 00:01:41]} 37. Qc8 {[%clk
00:06:38]} {[%emt 00:00:14]} Rec6 {[%clk 00:02:08]} {[%emt 00:00:18]} 38. Qf5+
{[%clk 00:06:39]} {[%emt 00:00:25]} Kg8 {[%clk 00:02:13]} {[%emt 00:00:29]} 39.
Qd5+ {[%clk 00:07:04]} {[%emt 00:00:05]} Kh8 {[%clk 00:01:24]} {[%emt
00:01:19]} 40. Qd8+ {[%clk 00:06:45]} {[%emt 00:00:49]} Kh7 {[%clk 00:01:49]}
{[%emt 00:00:05]} 41. Qe8 {[%clk 00:06:32]} {[%emt 00:00:43]} Re6 {[%clk
00:15:46]} {[%emt 00:16:33]} 42. Qc8 {[%clk 00:36:11]} {[%emt 00:00:51]} Rbc6
{[%clk 00:15:31]} {[%emt 00:00:45]} 43. Qb7 {[%clk 00:35:30]} {[%emt 00:01:11]}
Rc5 {[%clk 00:14:22]} {[%emt 00:01:38]} 44. Qd7 {[%clk 00:32:42]} {[%emt
00:03:18]} Ree5 {[%clk 00:13:55]} {[%emt 00:00:57]} 45. Qd2 {[%clk 00:32:21]}
{[%emt 00:00:49]} Rcd5 {[%clk 00:11:39]} {[%emt 00:02:48]} 46. Qf4 {[%clk
00:31:19]} {[%emt 00:01:33]} Re2 {[%clk 00:07:20]} {[%emt 00:04:48]} 47. Qf3
{[%clk 00:30:06]} {[%emt 00:01:44]} Rde5 {[%clk 00:07:01]} {[%emt 00:00:49]}
48. b3 {[%clk 00:30:13]} {[%emt 00:00:23]} R2e4 {[%clk 00:06:10]} {[%emt
00:01:21]} 49. g3 {[%clk 00:29:12]} {[%emt 00:01:30]} Rd4 {[%clk 00:05:34]}
{[%emt 00:01:06]} 50. bxc4 {[%clk 00:27:42]} {[%emt 00:02:01]} bxc4 {[%clk
00:05:41]} {[%emt 00:00:22]} 51. Qc3 {[%clk 00:27:12]} {[%emt 00:01:00]} Ree4
{[%clk 00:05:51]} {[%emt 00:00:20]} 52. Qf3 {[%clk 00:27:26]} {[%emt 00:00:15]}
Re5 {[%clk 00:05:59]} {[%emt 00:00:23]} 53. Qc3 {[%clk 00:27:19]} {[%emt
00:00:37]} Red5 {[%clk 00:04:08]} {[%emt 00:02:20]} 54. Kg2 {[%clk 00:27:16]}
{[%emt 00:00:33]} Rd8 {[%clk 00:03:45]} {[%emt 00:00:54]} 55. Qf3 {[%clk
00:26:54]} {[%emt 00:00:52]} Kh8 {[%clk 00:03:28]} {[%emt 00:00:47]} 56. Qc6
{[%clk 00:26:42]} {[%emt 00:00:42]} R8d7 {[%clk 00:03:22]} {[%emt 00:00:35]}
57. Qc8+ {[%clk 00:26:26]} {[%emt 00:00:46]} Kh7 {[%clk 00:03:45]} {[%emt
00:00:07]} 58. Qc5 {[%clk 00:26:44]} {[%emt 00:00:12]} 1/2-1/2

[Event "DVM U20 2021"]
[Site "Kiel GER"]
[Date "2022.07.24"]
[Round "4"]
[White "Seref, Erdogan"]
[Black "Kravtsov, Maksim"]
[Result "1-0"]
[Termination "normal"]
[Board "2.6"]
[WhiteElo "1992"]
[BlackElo "1856"]
[WhiteClock "00:06:49"]
[BlackClock "01:23:04"]
[WhiteTeam "Schachfreunde Brackel 1930 e. V."]
[BlackTeam "Karlsruher SF 1853"]
[PlyCount "107"]
[WhiteFideId "16206827"]
[BlackFideId "54173868"]
[EventCountry "GER"]
[EventRounds "7"]
[EventType "team-swiss"]
[EventDate "2022.07.22"]

1. e4 {[%clk 01:30:53]} {[%emt 00:00:07]} e6 {[%clk 01:30:42]} {[%emt
00:00:18]} 2. d4 {[%clk 01:31:11]} {[%emt 00:00:11]} d5 {[%clk 01:31:10]}
{[%emt 00:00:02]} 3. Nd2 {[%clk 01:31:33]} {[%emt 00:00:08]} c5 {[%clk
01:31:34]} {[%emt 00:00:06]} 4. exd5 {[%clk 01:31:58]} {[%emt 00:00:05]} exd5
{[%clk 01:32:00]} {[%emt 00:00:03]} 5. Ngf3 {[%clk 01:32:16]} {[%emt 00:00:11]}
Nc6 {[%clk 01:32:12]} {[%emt 00:00:18]} 6. Bb5 {[%clk 01:32:39]} {[%emt
00:00:08]} Bd6 {[%clk 01:32:32]} {[%emt 00:00:10]} 7. O-O {[%clk 01:29:26]}
{[%emt 00:03:43]} Nge7 {[%clk 01:32:44]} {[%emt 00:00:18]} 8. dxc5 {[%clk
01:28:19]} {[%emt 00:01:37]} Bxc5 {[%clk 01:32:35]} {[%emt 00:00:39]} 9. Nb3
{[%clk 01:28:14]} {[%emt 00:00:35]} Bd6 {[%clk 01:31:08]} {[%emt 00:01:57]} 10.
Nbd4 {[%clk 01:26:14]} {[%emt 00:02:30]} h6 {[%clk 01:28:58]} {[%emt 00:02:41]}
11. Re1 {[%clk 01:25:06]} {[%emt 00:01:38]} O-O {[%clk 01:29:03]} {[%emt
00:00:25]} 12. c3 {[%clk 01:20:46]} {[%emt 00:04:49]} Bg4 {[%clk 01:26:11]}
{[%emt 00:03:22]} 13. Qd3 {[%clk 01:19:34]} {[%emt 00:01:42]} Nxd4 {[%clk
01:19:35]} {[%emt 00:07:07]} 14. Nxd4 {[%clk 01:19:27]} {[%emt 00:00:37]} Ng6
{[%clk 01:19:53]} {[%emt 00:00:14]} 15. h3 {[%clk 00:56:44]} {[%emt 00:23:12]}
Bd7 {[%clk 01:19:25]} {[%emt 00:00:58]} 16. Bxd7 {[%clk 00:52:23]} {[%emt
00:04:51]} Qxd7 {[%clk 01:19:49]} {[%emt 00:00:06]} 17. Qf5 {[%clk 00:51:30]}
{[%emt 00:01:23]} Rfe8 {[%clk 01:12:52]} {[%emt 00:07:28]} 18. Bxh6 {[%clk
00:49:21]} {[%emt 00:02:38]} Qxf5 {[%clk 01:03:04]} {[%emt 00:10:18]} 19. Nxf5
{[%clk 00:49:26]} {[%emt 00:00:25]} gxh6 {[%clk 01:00:18]} {[%emt 00:03:16]}
20. Nxd6 {[%clk 00:49:17]} {[%emt 00:00:37]} Red8 {[%clk 01:00:35]} {[%emt
00:00:14]} 21. Nf5 {[%clk 00:47:37]} {[%emt 00:02:11]} Kh7 {[%clk 01:00:04]}
{[%emt 00:01:02]} 22. Rad1 {[%clk 00:45:57]} {[%emt 00:02:09]} Rd7 {[%clk
00:57:24]} {[%emt 00:03:10]} 23. Rd4 {[%emt 00:03:58]} Rad8 {[%clk 00:56:03]}
24. Red1 {[%clk 00:41:48]} {[%emt 00:03:02]} b5 {[%clk 00:56:11]} {[%emt
00:00:24]} 25. Ne3 {[%clk 00:35:48]} {[%emt 00:06:29]} Ne7 {[%clk 00:56:07]}
{[%emt 00:00:34]} 26. b3 {[%clk 00:27:26]} {[%emt 00:08:52]} Kg6 {[%clk
00:56:08]} {[%emt 00:00:29]} 27. c4 {[%clk 00:23:16]} {[%emt 00:04:39]} bxc4
{[%clk 00:56:34]} {[%emt 00:00:05]} 28. bxc4 {[%clk 00:23:35]} {[%emt
00:00:10]} Kf6 {[%clk 00:56:39]} {[%emt 00:00:25]} 29. cxd5 {[%clk 00:23:01]}
{[%emt 00:01:04]} Nc8 {[%clk 00:56:15]} {[%emt 00:00:54]} 30. Ng4+ {[%clk
00:22:00]} {[%emt 00:01:32]} Kg7 {[%clk 00:56:31]} {[%emt 00:00:15]} 31. Ne5
{[%clk 00:19:39]} {[%emt 00:02:50]} Rd6 {[%clk 00:56:35]} {[%emt 00:00:26]} 32.
Nc4 {[%clk 00:09:07]} {[%emt 00:11:01]} R6d7 {[%clk 00:57:05]} 33. d6 {[%clk
00:09:10]} {[%emt 00:00:27]} f6 {[%clk 00:57:26]} {[%emt 00:00:09]} 34. g4
{[%clk 00:08:15]} {[%emt 00:01:24]} Kf7 {[%clk 00:57:45]} {[%emt 00:00:11]} 35.
f4 {[%clk 00:08:16]} {[%emt 00:00:29]} Nb6 {[%clk 00:57:52]} {[%emt 00:00:23]}
36. Na5 {[%clk 00:08:08]} {[%emt 00:00:38]} Rc8 {[%clk 00:58:20]} {[%emt
00:00:02]} 37. f5 {[%clk 00:07:08]} {[%emt 00:01:30]} Rc5 {[%clk 00:58:37]}
{[%emt 00:00:13]} 38. Nb3 {[%clk 00:07:09]} {[%emt 00:00:28]} Rc6 {[%clk
00:58:50]} {[%emt 00:00:18]} 39. Na5 {[%clk 00:03:37]} {[%emt 00:06:02]} Rc5
{[%clk 00:58:11]} {[%emt 00:01:10]} 40. Nb3 {[%clk 00:04:00]} {[%emt 00:00:06]}
Rc6 {[%clk 00:58:39]} {[%emt 00:00:02]} 41. Kf2 {[%clk 00:01:23]} {[%emt
00:03:08]} Nc8 {[%clk 00:57:00]} {[%emt 00:02:09]} 42. Kg3 {[%clk 00:22:34]}
{[%emt 00:09:19]} Rcxd6 {[%clk 01:27:11]} {[%emt 00:00:19]} 43. Rxd6 {[%clk
00:22:25]} {[%emt 00:00:39]} Rxd6 {[%clk 01:27:35]} {[%emt 00:00:06]} 44. Rc1
{[%clk 00:21:30]} {[%emt 00:01:26]} Nb6 {[%clk 01:27:39]} {[%emt 00:00:25]} 45.
Rc7+ {[%clk 00:20:07]} {[%emt 00:01:53]} Rd7 {[%clk 01:28:00]} {[%emt
00:00:09]} 46. Rc6 {[%clk 00:20:21]} {[%emt 00:00:16]} Rd3+ {[%clk 01:27:58]}
{[%emt 00:00:33]} 47. Kh4 {[%clk 00:14:25]} {[%emt 00:06:25]} Nd5 {[%clk
01:28:06]} {[%emt 00:00:21]} 48. Nc5 {[%clk 00:09:42]} {[%emt 00:05:12]} Rc3
{[%clk 01:27:32]} {[%emt 00:01:05]} 49. Nb7 {[%clk 00:09:17]} {[%emt 00:00:55]}
Rf3 {[%clk 01:22:56]} {[%emt 00:05:06]} 50. Nd8+ {[%clk 00:08:00]} {[%emt
00:01:47]} Kg8 {[%clk 01:22:26]} {[%emt 00:01:01]} 51. Ne6 {[%clk 00:06:12]}
{[%emt 00:02:19]} Ne3 {[%clk 01:22:21]} {[%emt 00:00:35]} 52. Kh5 {[%clk
00:06:07]} {[%emt 00:00:35]} Rxh3+ {[%clk 01:22:37]} {[%emt 00:00:13]} 53. Kg6
{[%clk 00:06:28]} {[%emt 00:00:10]} Nxg4 {[%clk 01:23:04]} {[%emt 00:00:04]}
54. Rc8# {[%clk 00:06:49]} {[%emt 00:00:09]} 1-0

[Event "DVM U20 2021"]
[Site "Kiel GER"]
[Date "2022.07.24"]
[Round "4"]
[White "Wübker, Paul-Luca"]
[Black "Schäfer, Daniel"]
[Result "1-0"]
[Termination "normal"]
[Board "3.1"]
[WhiteElo "2157"]
[BlackElo "1793"]
[WhiteClock "01:15:47"]
[BlackClock "00:11:27"]
[WhiteTeam "Schachgesellschaft Bochum 1931"]
[BlackTeam "Heilbronner SV"]
[PlyCount "67"]
[WhiteFideId "12939528"]
[BlackFideId "16235088"]
[EventCountry "GER"]
[EventRounds "7"]
[EventType "team-swiss"]
[EventDate "2022.07.22"]

1. d4 {[%clk 01:30:57]} {[%emt 00:00:03]} d5 {[%clk 01:30:55]} {[%emt
00:00:05]} 2. c4 {[%clk 01:31:23]} {[%emt 00:00:06]} e6 {[%clk 01:31:19]}
{[%emt 00:00:04]} 3. Nc3 {[%clk 01:31:48]} {[%emt 00:00:04]} c6 {[%clk
01:31:46]} {[%emt 00:00:06]} 4. Nf3 {[%clk 01:32:11]} {[%emt 00:00:07]} dxc4
{[%clk 01:32:12]} {[%emt 00:00:03]} 5. a4 {[%clk 01:32:34]} {[%emt 00:00:06]}
Bb4 {[%clk 01:32:37]} {[%emt 00:00:06]} 6. Bd2 {[%clk 01:32:29]} {[%emt
00:00:34]} a5 {[%clk 01:33:02]} {[%emt 00:00:05]} 7. e3 {[%clk 01:32:53]}
{[%emt 00:00:06]} b5 {[%clk 01:33:27]} {[%emt 00:00:05]} 8. axb5 {[%clk
01:33:17]} {[%emt 00:00:07]} Bxc3 {[%clk 01:33:54]} {[%emt 00:00:03]} 9. Bxc3
{[%clk 01:33:39]} {[%emt 00:00:07]} cxb5 {[%clk 01:34:22]} {[%emt 00:00:02]}
10. b3 {[%clk 01:34:02]} {[%emt 00:00:07]} Bb7 {[%clk 01:34:46]} {[%emt
00:00:05]} 11. bxc4 {[%clk 01:34:27]} {[%emt 00:00:06]} b4 {[%clk 01:35:14]}
{[%emt 00:00:03]} 12. Bb2 {[%clk 01:34:51]} {[%emt 00:00:05]} Nf6 {[%clk
01:35:35]} {[%emt 00:00:09]} 13. Bd3 {[%clk 01:35:16]} {[%emt 00:00:05]} O-O
{[%clk 01:35:52]} {[%emt 00:00:13]} 14. O-O {[%clk 01:35:42]} {[%emt 00:00:04]}
Nbd7 {[%clk 01:35:28]} {[%emt 00:00:54]} 15. Nd2 {[%clk 01:36:05]} {[%emt
00:00:07]} Nc5 {[%clk 01:33:03]} {[%emt 00:02:55]} 16. Bc2 {[%clk 01:35:26]}
{[%emt 00:01:09]} Nce4 {[%clk 01:32:30]} {[%emt 00:01:03]} 17. f3 {[%clk
01:35:47]} {[%emt 00:00:10]} Nxd2 {[%clk 01:30:12]} {[%emt 00:02:47]} 18. Qxd2
{[%clk 01:36:12]} {[%emt 00:00:05]} e5 {[%clk 01:28:21]} {[%emt 00:02:21]} 19.
Rfd1 {[%clk 01:22:34]} {[%emt 00:14:08]} exd4 {[%clk 01:25:52]} {[%emt
00:02:59]} 20. exd4 {[%clk 01:22:54]} {[%emt 00:00:10]} Rc8 {[%clk 01:17:37]}
{[%emt 00:08:44]} 21. Rdc1 {[%clk 01:20:57]} {[%emt 00:02:28]} Ba6 {[%clk
01:14:48]} {[%emt 00:03:19]} 22. Bd3 {[%clk 01:21:11]} {[%emt 00:00:16]} Re8
{[%clk 01:02:38]} {[%emt 00:12:40]} 23. Qg5 {[%clk 01:19:54]} {[%emt 00:01:46]}
Nd5 {[%clk 00:47:17]} {[%emt 00:15:52]} 24. Qxd8 {[%clk 01:16:29]} {[%emt
00:03:55]} Rcxd8 {[%clk 00:43:42]} {[%emt 00:04:05]} 25. Rxa5 {[%clk 01:16:36]}
{[%emt 00:00:22]} Nf4 {[%clk 00:42:58]} {[%emt 00:01:15]} 26. Bf1 {[%clk
01:16:59]} {[%emt 00:00:07]} Ne2+ {[%clk 00:41:37]} {[%emt 00:01:51]} 27. Bxe2
{[%clk 01:17:23]} {[%emt 00:00:06]} Rxe2 {[%clk 00:42:03]} {[%emt 00:00:04]}
28. Rxa6 {[%clk 01:17:45]} {[%emt 00:00:08]} Rxb2 {[%clk 00:42:28]} {[%emt
00:00:05]} 29. c5 {[%clk 01:18:03]} {[%emt 00:00:12]} g6 {[%clk 00:32:03]}
{[%emt 00:10:54]} 30. c6 {[%clk 01:18:03]} {[%emt 00:00:31]} b3 {[%clk
00:32:28]} {[%emt 00:00:06]} 31. c7 {[%clk 01:18:12]} {[%emt 00:00:20]} Rc8
{[%clk 00:32:48]} {[%emt 00:00:09]} 32. Rb6 {[%clk 01:18:17]} {[%emt 00:00:26]}
Kg7 {[%clk 00:19:19]} {[%emt 00:13:59]} 33. d5 {[%clk 01:15:29]} {[%emt
00:03:18]} Ra2 {[%clk 00:11:27]} {[%emt 00:08:21]} 34. Rxb3 {[%clk 01:15:47]}
{[%emt 00:00:12]} 1-0

[Event "DVM U20 2021"]
[Site "Kiel GER"]
[Date "2022.07.24"]
[Round "4"]
[White "Dietzel, Lukas"]
[Black "Biermann, Lenhard"]
[Result "0-1"]
[Termination "normal"]
[Board "3.2"]
[WhiteElo "1564"]
[BlackElo "2078"]
[WhiteClock "00:35:51"]
[BlackClock "00:19:28"]
[WhiteTeam "Heilbronner SV"]
[BlackTeam "Schachgesellschaft Bochum 1931"]
[PlyCount "46"]
[WhiteFideId "16284313"]
[BlackFideId "12970077"]
[EventCountry "GER"]
[EventRounds "7"]
[EventType "team-swiss"]
[EventDate "2022.07.22"]

1. e4 {[%clk 01:30:58]} {[%emt 00:00:02]} e6 {[%clk 01:30:59]} {[%emt
00:00:01]} 2. d4 {[%clk 01:31:21]} {[%emt 00:00:07]} d5 {[%clk 01:31:26]}
{[%emt 00:00:03]} 3. exd5 {[%clk 01:31:44]} {[%emt 00:00:07]} exd5 {[%clk
01:31:51]} {[%emt 00:00:07]} 4. Bd3 {[%clk 01:32:10]} {[%emt 00:00:02]} Nc6
{[%clk 01:32:15]} {[%emt 00:00:06]} 5. Ne2 {[%clk 01:32:00]} {[%emt 00:00:42]}
Bd6 {[%clk 01:32:11]} {[%emt 00:00:31]} 6. O-O {[%clk 01:31:50]} {[%emt
00:00:41]} Nge7 {[%clk 01:31:08]} {[%emt 00:01:34]} 7. c3 {[%clk 01:31:20]}
{[%emt 00:01:00]} Bf5 {[%clk 01:30:50]} {[%emt 00:00:47]} 8. Bf4 {[%clk
01:30:47]} {[%emt 00:01:03]} Bxd3 {[%clk 01:23:59]} {[%emt 00:07:21]} 9. Qxd3
{[%clk 01:31:06]} {[%emt 00:00:11]} Qd7 {[%clk 01:23:53]} {[%emt 00:00:36]} 10.
Re1 {[%clk 01:29:38]} {[%emt 00:01:59]} O-O-O {[%clk 01:22:53]} {[%emt
00:01:29]} 11. Nd2 {[%clk 01:25:45]} {[%emt 00:04:23]} h5 {[%clk 01:19:47]}
{[%emt 00:03:36]} 12. b4 {[%clk 01:21:06]} {[%emt 00:05:08]} h4 {[%clk
01:13:50]} {[%emt 00:06:28]} 13. a4 {[%clk 01:17:56]} {[%emt 00:03:39]} Bxf4
{[%clk 00:55:47]} {[%emt 00:18:34]} 14. Nxf4 {[%clk 01:17:50]} {[%emt
00:00:36]} g5 {[%clk 00:55:59]} {[%emt 00:00:18]} 15. b5 {[%emt 00:06:45]} gxf4
{[%clk 00:52:49]} {[%emt 00:03:38]} 16. bxc6 {[%clk 01:10:39]} {[%emt
00:01:27]} Nxc6 {[%clk 00:53:07]} {[%emt 00:00:12]} 17. Rab1 {[%clk 01:07:13]}
{[%emt 00:03:56]} Rdg8 {[%clk 00:42:28]} {[%emt 00:11:09]} 18. Qf3 {[%clk
00:56:57]} {[%emt 00:10:47]} Rg4 {[%clk 00:31:17]} {[%emt 00:11:41]} 19. Rb5
{[%clk 00:51:07]} {[%emt 00:06:20]} Rhg8 {[%clk 00:26:24]} {[%emt 00:05:23]}
20. Rxd5 {[%clk 00:45:40]} {[%emt 00:05:57]} Rxg2+ {[%clk 00:25:35]} {[%emt
00:01:19]} 21. Kh1 {[%clk 00:44:32]} {[%emt 00:01:37]} Qe6 {[%clk 00:23:23]}
{[%emt 00:02:41]} 22. Rf1 {[%clk 00:37:21]} {[%emt 00:07:43]} Qg6 {[%clk
00:19:42]} {[%emt 00:04:11]} 23. Qd1 {[%clk 00:35:51]} {[%emt 00:01:59]} Rxh2+
{[%clk 00:19:28]} {[%emt 00:00:45]} 0-1

[Event "DVM U20 2021"]
[Site "Kiel GER"]
[Date "2022.07.24"]
[Round "4"]
[White "Biermann, Florian"]
[Black "Wolff, Calvin"]
[Result "1-0"]
[Termination "normal"]
[Board "3.3"]
[WhiteElo "2100"]
[BlackElo "1390"]
[WhiteClock "00:54:54"]
[BlackClock "00:53:48"]
[WhiteTeam "Schachgesellschaft Bochum 1931"]
[BlackTeam "Heilbronner SV"]
[PlyCount "49"]
[WhiteFideId "12970069"]
[BlackFideId "16269969"]
[EventCountry "GER"]
[EventRounds "7"]
[EventType "team-swiss"]
[EventDate "2022.07.22"]

1. Nf3 {[%clk 01:30:49]} {[%emt 00:00:12]} Nf6 {[%emt 00:00:36]} 2. c4 {[%clk
01:30:52]} g6 {[%clk 01:31:07]} {[%emt 00:00:13]} 3. g3 {[%clk 01:30:14]}
{[%emt 00:01:08]} Bg7 {[%clk 01:31:06]} {[%emt 00:00:30]} 4. Bg2 {[%clk
01:30:35]} {[%emt 00:00:10]} d5 {[%clk 01:30:57]} {[%emt 00:00:38]} 5. cxd5
{[%clk 01:30:55]} {[%emt 00:00:11]} Nxd5 {[%clk 01:31:12]} {[%emt 00:00:14]} 6.
d4 {[%clk 01:31:15]} {[%emt 00:00:10]} O-O {[%clk 01:30:26]} {[%emt 00:01:16]}
7. h3 {[%clk 01:31:30]} {[%emt 00:00:16]} c5 {[%clk 01:29:18]} {[%emt
00:01:38]} 8. O-O {[%clk 01:25:17]} {[%emt 00:06:43]} Nc6 {[%clk 01:24:09]}
{[%emt 00:05:38]} 9. e4 {[%clk 01:23:08]} {[%emt 00:02:39]} Nf6 {[%emt
00:06:25]} 10. d5 {[%clk 01:23:06]} {[%emt 00:00:31]} Nb8 {[%clk 01:16:26]}
{[%emt 00:02:19]} 11. Nc3 {[%clk 01:22:50]} {[%emt 00:00:46]} b6 {[%clk
01:15:22]} {[%emt 00:01:34]} 12. e5 {[%clk 01:17:34]} {[%emt 00:05:46]} Ne8
{[%clk 01:13:37]} {[%emt 00:02:15]} 13. d6 {[%clk 01:14:09]} {[%emt 00:03:56]}
Bb7 {[%clk 01:11:56]} {[%emt 00:02:11]} 14. Bg5 {[%clk 01:14:07]} {[%emt
00:00:32]} f6 {[%clk 01:11:55]} {[%emt 00:00:30]} 15. Qb3+ {[%clk 01:13:31]}
{[%emt 00:01:06]} Kh8 {[%clk 01:11:59]} {[%emt 00:00:26]} 16. dxe7 {[%clk
00:58:44]} {[%emt 00:15:17]} Qxe7 {[%clk 01:07:51]} {[%emt 00:04:38]} 17. exf6
{[%clk 00:57:00]} {[%emt 00:02:14]} Nxf6 {[%clk 01:04:47]} {[%emt 00:03:35]}
18. Rfe1 {[%clk 00:57:16]} {[%emt 00:00:14]} Qc7 {[%clk 01:04:39]} {[%emt
00:00:37]} 19. Nb5 {[%clk 00:56:41]} {[%emt 00:01:05]} Qd8 {[%clk 01:01:11]}
{[%emt 00:03:58]} 20. Rad1 {[%clk 00:55:56]} {[%emt 00:01:15]} Nbd7 {[%clk
01:01:29]} {[%emt 00:00:12]} 21. Nd6 {[%clk 00:56:00]} {[%emt 00:00:26]} Bc6
{[%clk 00:57:29]} {[%emt 00:04:30]} 22. Nf7+ {[%clk 00:55:20]} {[%emt
00:01:09]} Rxf7 {[%clk 00:57:50]} {[%emt 00:00:10]} 23. Qxf7 {[%clk 00:55:41]}
{[%emt 00:00:08]} Qc7 {[%clk 00:55:38]} {[%emt 00:02:43]} 24. Re7 {[%clk
00:55:28]} {[%emt 00:00:43]} Ne8 {[%clk 00:53:48]} {[%emt 00:02:21]} 25. Bh6
{[%clk 00:54:54]} {[%emt 00:01:04]} 1-0